<?xml version="1.0" encoding="UTF-8"?><marc:collection xmlns:marc="http://www.loc.gov/MARC21/slim">
  <marc:record>
    <marc:leader>00000nam  2200000zi 4500</marc:leader>
    <marc:controlfield tag="001">9.938046</marc:controlfield>
    <marc:controlfield tag="003">CaOODSP</marc:controlfield>
    <marc:controlfield tag="005">20240719083955</marc:controlfield>
    <marc:controlfield tag="006">m     o  d f      </marc:controlfield>
    <marc:controlfield tag="007">cr cn|||||||||</marc:controlfield>
    <marc:controlfield tag="008">240509t20242024oncbd   ob   f000 0 fre d</marc:controlfield>
    <marc:datafield tag="020" ind1=" " ind2=" ">
      <marc:subfield code="a">9780660718576</marc:subfield>
    </marc:datafield>
    <marc:datafield tag="040" ind1=" " ind2=" ">
      <marc:subfield code="a">CaOODSP</marc:subfield>
      <marc:subfield code="b">fre</marc:subfield>
      <marc:subfield code="e">rda</marc:subfield>
      <marc:subfield code="c">CaOODSP</marc:subfield>
    </marc:datafield>
    <marc:datafield tag="043" ind1=" " ind2=" ">
      <marc:subfield code="a">n-cn-nf</marc:subfield>
    </marc:datafield>
    <marc:datafield tag="086" ind1="1" ind2=" ">
      <marc:subfield code="a">Fs70-5/2024-036F-PDF</marc:subfield>
    </marc:datafield>
    <marc:datafield tag="100" ind1="1" ind2=" ">
      <marc:subfield code="a">Le Corre, N., </marc:subfield>
      <marc:subfield code="e">auteur.</marc:subfield>
    </marc:datafield>
    <marc:datafield tag="245" ind1="1" ind2="0">
      <marc:subfield code="a">Évaluation de la crevette nordique (Pandalus borealis) et de la crevette ésope (Pandalus montagui) dans la zone de pêche à la crevette 4 en 2022 / </marc:subfield>
      <marc:subfield code="c">N. Le Corre, K.R. Skanes, K.D. Baker, D. Sullivan, W. Coffey, F. Cyr, D. Belanger, K. Morrissey, and C. Malayny.</marc:subfield>
    </marc:datafield>
    <marc:datafield tag="264" ind1=" " ind2="1">
      <marc:subfield code="a">Ottawa (Ontario) : </marc:subfield>
      <marc:subfield code="b">Secrétariat canadien des avis scientifiques (SCAS), </marc:subfield>
      <marc:subfield code="c">2024.</marc:subfield>
    </marc:datafield>
    <marc:datafield tag="264" ind1=" " ind2="4">
      <marc:subfield code="c">©2024</marc:subfield>
    </marc:datafield>
    <marc:datafield tag="300" ind1=" " ind2=" ">
      <marc:subfield code="a">1 ressource en ligne (v, 85 pages) : </marc:subfield>
      <marc:subfield code="b">cartes, graphiques.</marc:subfield>
    </marc:datafield>
    <marc:datafield tag="336" ind1=" " ind2=" ">
      <marc:subfield code="a">texte</marc:subfield>
      <marc:subfield code="b">txt</marc:subfield>
      <marc:subfield code="2">rdacontent/fre</marc:subfield>
    </marc:datafield>
    <marc:datafield tag="337" ind1=" " ind2=" ">
      <marc:subfield code="a">informatique</marc:subfield>
      <marc:subfield code="b">c</marc:subfield>
      <marc:subfield code="2">rdamedia/fre</marc:subfield>
    </marc:datafield>
    <marc:datafield tag="338" ind1=" " ind2=" ">
      <marc:subfield code="a">ressource en ligne</marc:subfield>
      <marc:subfield code="b">cr</marc:subfield>
      <marc:subfield code="2">rdacarrier/fre</marc:subfield>
    </marc:datafield>
    <marc:datafield tag="490" ind1="1" ind2=" ">
      <marc:subfield code="a">Document de recherche, </marc:subfield>
      <marc:subfield code="x">2292-4272 ; </marc:subfield>
      <marc:subfield code="v">2024/036</marc:subfield>
    </marc:datafield>
    <marc:datafield tag="500" ind1=" " ind2=" ">
      <marc:subfield code="a">Titre de la couverture.</marc:subfield>
    </marc:datafield>
    <marc:datafield tag="500" ind1=" " ind2=" ">
      <marc:subfield code="a">« juin 2024. »</marc:subfield>
    </marc:datafield>
    <marc:datafield tag="500" ind1=" " ind2=" ">
      <marc:subfield code="a">Publié aussi en anglais sous le titre : Assessment of northern shrimp (Pandalus borealis) and striped shrimp (Pandalus montagui) in shrimp fishing area 4 in 2022.</marc:subfield>
    </marc:datafield>
    <marc:datafield tag="504" ind1=" " ind2=" ">
      <marc:subfield code="a">Comprend des références bibliographiques (pages 20-23).</marc:subfield>
    </marc:datafield>
    <marc:datafield tag="520" ind1="3" ind2=" ">
      <marc:subfield code="a">« L'état de la crevette nordique (Pandalus borealis) dans la zone de pêche à la crevette (ZPC) 4 est évalué chaque année depuis 2015, la dernière évaluation ayant eu lieu en février 2022. L'état de la crevette ésope (Pandalus montagui) dans la ZPC 4 est évalué tous les deux ans. La dernière évaluation remonte à 2021 et une mise à jour de l'état du stock a été réalisée en 2022. Dans la ZPC 4, l'état des deux stocks a été évalué en examinant de multiples indicateurs dérivés de données dépendantes de la pêche et de données provenant du relevé de recherche de la Northern Shrimp Research Foundation (NSRF) et de Pêches et Océans Canada (MPO) » -- Résumé, page v.</marc:subfield>
    </marc:datafield>
    <marc:datafield tag="650" ind1=" " ind2="6">
      <marc:subfield code="a">Crevette nordique</marc:subfield>
      <marc:subfield code="z">Terre-Neuve-et-Labrador.</marc:subfield>
    </marc:datafield>
    <marc:datafield tag="650" ind1=" " ind2="6">
      <marc:subfield code="a">Crevette ésope</marc:subfield>
      <marc:subfield code="z">Terre-Neuve-et-Labrador.</marc:subfield>
    </marc:datafield>
    <marc:datafield tag="650" ind1=" " ind2="6">
      <marc:subfield code="a">Crevette nordique</marc:subfield>
      <marc:subfield code="x">Pêche commerciale</marc:subfield>
      <marc:subfield code="z">Terre-Neuve-et-Labrador.</marc:subfield>
    </marc:datafield>
    <marc:datafield tag="650" ind1=" " ind2="6">
      <marc:subfield code="a">Crevette ésope</marc:subfield>
      <marc:subfield code="x">Pêche commerciale</marc:subfield>
      <marc:subfield code="z">Terre-Neuve-et-Labrador.</marc:subfield>
    </marc:datafield>
    <marc:datafield tag="650" ind1=" " ind2="6">
      <marc:subfield code="a">Crevettes</marc:subfield>
      <marc:subfield code="x">Populations</marc:subfield>
      <marc:subfield code="z">Terre-Neuve-et-Labrador.</marc:subfield>
    </marc:datafield>
    <marc:datafield tag="710" ind1="1" ind2=" ">
      <marc:subfield code="a">Canada. </marc:subfield>
      <marc:subfield code="b">Ministère des pêches et des océans. </marc:subfield>
      <marc:subfield code="b">Région de Terre-Neuve et du Labrador, </marc:subfield>
      <marc:subfield code="e">organisme de publication.</marc:subfield>
    </marc:datafield>
    <marc:datafield tag="710" ind1="2" ind2=" ">
      <marc:subfield code="a">Secrétariat canadien de consultation scientifique, </marc:subfield>
      <marc:subfield code="e">organisme de publication.</marc:subfield>
    </marc:datafield>
    <marc:datafield tag="775" ind1="0" ind2="8">
      <marc:subfield code="t">Assessment of northern shrimp (Pandalus borealis) and striped shrimp (Pandalus montagui) in shrimp fishing area 4 in 2022 / </marc:subfield>
      <marc:subfield code="w">(CaOODSP)9.938044</marc:subfield>
    </marc:datafield>
    <marc:datafield tag="830" ind1="#" ind2="0">
      <marc:subfield code="a">Document de recherche (Secrétariat canadien de consultation scientifique)</marc:subfield>
      <marc:subfield code="x">2292-4272 ; </marc:subfield>
      <marc:subfield code="v">2024/036.</marc:subfield>
      <marc:subfield code="w">(CaOODSP)9.503788</marc:subfield>
    </marc:datafield>
    <marc:datafield tag="856" ind1="4" ind2="0">
      <marc:subfield code="q">PDF</marc:subfield>
      <marc:subfield code="s">6.51 Mo</marc:subfield>
      <marc:subfield code="u">https://publications.gc.ca/collections/collection_2024/mpo-dfo/fs70-5/Fs70-5-2024-036-fra.pdf</marc:subfield>
    </marc:datafield>
  </marc:record>
</marc:collection>
